[Event "Pan American-ch U12"]
[Site "Santiago de Chile"]
[Date "2018.07.27"]
[Round "8"]
[White "Velasquez Huanca, Danny"]
[Black "Galaviz Medina, Atlas Adomaitis"]
[Result "0-1"]
[WhiteElo "1663"]
[BlackElo "1837"]
[PlyCount "110"]
[EventDate "2018.07.22"]
[EventType "swiss"]
[EventRounds "9"]
[EventCountry "CHI"]
[SourceTitle "EXT 2022"]
[Source "ChessBase"]
[SourceDate "2021.10.06"]
[SourceVersion "1"]
[SourceVersionDate "2021.10.06"]
[SourceQuality "1"]

1. d4 d5 2. c4 e6 3. Nf3 c6 4. e3 Nf6 5. Nc3 Bd6 6. Be2 Nbd7 7. 0-0 0-0 8. cxd5 exd5 9. Bd3 Re8 10. Ne2 Ne4 11. Ng3 Ndf6 12. Nd2 Ng4 13. Bxe4 dxe4 14. Re1 Qh4 15. Ndf1 Re6 16. Qc2 Rf6 17. Re2 Bxg3 18. hxg3 Qh5 19. f3 exf3 20. gxf3 Rxf3 21. Qe4 Nf6 22. Qh4 Rxg3+ 23. Qxg3 Qxe2 24. a4 Be6 25. Nd2 Re8 26. Nf3 Qd1+ 27. Ne1 Ne4 28. Qh4 Nd2 29. Kf2 Qxe1+ 30. Kxe1 Nf3+ 31. Kf2 Nxh4 32. e4 Bb3 33. Ra3 Bc2 34. e5 Nf5 35. Rc3 Bxa4 36. Rd3 Bb5 37. Rd1 h6 38. Kf3 Rd8 39. Ke4 Ng3+ 40. Kf4 Ne2+ 41. Ke3 Ba4 42. Re1 Nxd4 43. Bd2 Nc2+ 44. Ke2 Rxd2+ 45. Kxd2 Nxe1 46. Kxe1 Kf8 47. Kd2 Ke7 48. Ke3 Ke6 49. Kd4 a5 50. Kc5 Kxe5 51. Kb6 f5 52. Kxb7 Bb5 53. Kb6 f4 54. Kxa5 f3 55. b4 f2 0-1

[Event "Moquegua Ilo GP"]
[Site "Moquegua Ilo"]
[Date "2017.11.05"]
[Round "8"]
[White "Velasquez Huanca, Danny"]
[Black "Lovon Manzano, Christian"]
[Result "1/2-1/2"]
[WhiteElo "1560"]
[BlackElo "1720"]
[PlyCount "59"]
[EventDate "2017.11.01"]
[EventType "swiss"]
[EventRounds "8"]
[EventCountry "PER"]
[SourceTitle "CBM 181 Extra"]
[Source "ChessBase"]
[SourceDate "2017.12.12"]
[SourceVersion "1"]
[SourceVersionDate "2017.12.12"]
[SourceQuality "1"]

1. e4 c5 2. Nf3 e6 3. d4 cxd4 4. Nxd4 Nf6 5. Nc3 Bb4 6. Bd3 Nc6 7. Nxc6 bxc6 8. Bg5 Qa5 9. Bxf6 gxf6 10. 0-0 Bxc3 11. bxc3 Qxc3 12. Rb1 h5 13. Rb3 Qa5 14. Qa1 Qg5 15. f4 Qg7 16. Qd4 Rg8 17. Rf2 h4 18. Ra3 a5 19. Qb6 Qg4 20. Be2 Qg6 21. Ra4 Qh7 22. Bf3 Qh6 23. Be2 Qg6 24. Bf3 e5 25. Rxa5 Rxa5 26. Qxa5 exf4 27. Qc7 Ke7 28. Qxf4 Qg5 29. Be2 Bb7 30. Bc4 1/2-1/2

[Event "South American-ch U10"]
[Site "Santiago de Chile"]
[Date "2016.12.03"]
[Round "4.2"]
[White "Velasquez Huanca, Danny"]
[Black "Lima, Vinicius Taishun"]
[Result "1-0"]
[WhiteElo "1463"]
[BlackElo "1490"]
[PlyCount "55"]
[EventDate "2016.12.01"]
[EventType "swiss"]
[EventRounds "9"]
[EventCountry "CHI"]
[SourceTitle "EXT 2022"]
[Source "ChessBase"]
[SourceDate "2021.10.06"]
[SourceVersion "1"]
[SourceVersionDate "2021.10.06"]
[SourceQuality "1"]

1. d4 Nf6 2. c4 e6 3. Nf3 c5 4. d5 d6 5. Nc3 Be7 6. e4 Nbd7 7. Bd3 0-0 8. Qc2 Re8 9. Be3 Qc7 10. 0-0-0 b6 11. Rhg1 Bb7 12. g4 a6 13. a4 Rad8 14. Ng5 e5 15. f4 Qb8 16. f5 Nf8 17. h4 h6 18. Nf3 N8h7 19. g5 Nh5 20. gxh6 Bf8 21. hxg7 Nxg7 22. Qg2 f6 23. h5 Kf7 24. Bh6 Nxh5 25. Qg6+ Ke7 26. Qxh7+ Bg7 27. Rxg7+ Nxg7 28. Qxg7# 1-0

[Event "South American-ch U10"]
[Site "Santiago de Chile"]
[Date "2016.12.02"]
[Round "3.4"]
[White "Chiappero, Julio Alfredo"]
[Black "Velasquez Huanca, Danny"]
[Result "0-1"]
[WhiteElo "1579"]
[BlackElo "1463"]
[PlyCount "102"]
[EventDate "2016.12.01"]
[EventType "swiss"]
[EventRounds "9"]
[EventCountry "CHI"]
[SourceTitle "EXT 2022"]
[Source "ChessBase"]
[SourceDate "2021.10.06"]
[SourceVersion "1"]
[SourceVersionDate "2021.10.06"]
[SourceQuality "1"]

1. e4 e6 2. d4 d5 3. e5 c5 4. c3 Nc6 5. Nf3 Qb6 6. Be2 cxd4 7. cxd4 Nge7 8. Nc3 Nf5 9. Na4 Qa5+ 10. Bd2 Bb4 11. Bc3 b5 12. a3 Bxc3+ 13. Nxc3 b4 14. axb4 Qxb4 15. Qa4 Qxa4 16. Rxa4 Bd7 17. Nb5 0-0 18. g4 Nh6 19. g5 Nf5 20. Ra3 a6 21. Nc7 Ra7 22. Nxa6 Ncxd4 23. Nxd4 Nxd4 24. Kd2 Nxe2 25. Nc5 Rxa3 26. bxa3 Bb5 27. a4 Bc4 28. h4 Nd4 29. Kc3 Nc6 30. h5 Nxe5 31. f4 Nc6 32. Rg1 Rb8 33. g6 Ne7 34. gxf7+ Kxf7 35. Nd7 Rb3+ 36. Kd4 Rb4 37. Ne5+ Kg8 38. Kc5 Rxa4 39. Kd6 Ra7 40. Rb1 Nf5+ 41. Kxe6 Nd4+ 42. Kd6 Nb3 43. Re1 Ra1 44. Re3 Ra6+ 45. Kc7 d4 46. Re1 Bb5 47. Rb1 Ba4 48. Kb7 Rf6 49. Re1 Rxf4 50. Nd3 Rf3 51. Ne5 Re3 0-1

[Event "PER-ch U10"]
[Site "Lima"]
[Date "2016.02.05"]
[Round "5.2"]
[White "Velasquez Huanca, Danny"]
[Black "Flores Aedo, Alexander Oliver M"]
[Result "0-1"]
[WhiteElo "1565"]
[BlackElo "1406"]
[PlyCount "64"]
[EventDate "2016.02.02"]
[EventType "swiss"]
[EventRounds "9"]
[EventCountry "PER"]
[SourceTitle "EXT 2024"]
[Source "ChessBase"]
[SourceDate "2023.10.10"]
[SourceVersion "1"]
[SourceVersionDate "2023.10.10"]
[SourceQuality "1"]

1. e4 Nf6 2. e5 Nd5 3. c4 Nb6 4. Nc3 d6 5. f4 h6 6. d4 dxe5 7. fxe5 Nc6 8. Be3 Bf5 9. h3 e6 10. c5 Nd5 11. Bf2 Be7 12. Bc4 Ndb4 13. Rc1 Bg5 14. Ra1 Nc2+ 15. Ke2 Nxa1 16. h4 Be7 17. Qxa1 Nxd4+ 18. Kf1 Bxc5 19. Nge2 Nc2 20. Qc1 Bxf2 21. Kxf2 c6 22. Bb3 Qb6+ 23. Kg3 Ne3 24. Na4 Qb4 25. Qxe3 Rd8 26. Kf2 b6 27. Nac3 Rd3 28. Qc1 Qc5+ 29. Kf1 Qxe5 30. Ba4 0-0 31. Bxc6 Rfd8 32. Bb5 Qf6 0-1

[Event "South America-ch U10 12th"]
[Site "Santa Cruz"]
[Date "2015.12.03"]
[Round "2"]
[White "Velasquez Huanca, Danny"]
[Black "Correa Garma, Sebastian"]
[Result "0-1"]
[WhiteElo "1620"]
[BlackElo "1268"]
[PlyCount "130"]
[EventDate "2015.12.02"]
[EventType "swiss"]
[EventRounds "9"]
[EventCountry "BOL"]
[SourceTitle "CBM 170 Extra"]
[Source "ChessBase"]
[SourceDate "2016.02.25"]
[SourceVersion "1"]
[SourceVersionDate "2016.02.25"]
[SourceQuality "1"]

1. e4 e5 2. Nf3 d6 3. Bc4 Be7 4. Nc3 Nf6 5. d4 exd4 6. Nxd4 0-0 7. Bg5 h6 8. Bxf6 Bxf6 9. Qd3 Nd7 10. f4 Nc5 11. Qe3 a5 12. 0-0-0 Re8 13. Rhe1 Qd7 14. Kb1 Re7 15. Nd5 Rxe4 16. Nxf6+ gxf6 17. Qg3+ Qg4 18. Qxg4+ Bxg4 19. Rxe4 Nxe4 20. Nf3 Rd8 21. Bd5 f5 22. Bxb7 Rb8 23. Bxe4 fxe4 24. h3 exf3 25. hxg4 fxg2 26. Re1 Rb4 27. c4 Rxc4 28. Rg1 Rxf4 29. Rxg2 d5 30. g5 h5 31. g6 f6 32. Kc2 h4 33. Kd3 f5 34. Ke3 Rg4 35. Rh2 d4+ 36. Kd3 c5 37. Kc4 Kg7 38. Kxc5 d3 39. Kb5 Rg3 40. Rxh4 d2 41. Rd4 Rg2 42. Kxa5 f4 43. b4 f3 44. b5 f2 45. Rxd2 f1Q 46. Rxg2 Qxg2 47. a4 Kxg6 48. b6 Kf6 49. Ka6 Qa8+ 50. Kb5 Ke6 51. a5 Kd7 52. Kc5 Qxa5+ 53. Kd4 Qxb6+ 54. Ke4 Qd6 55. Kf5 Ke7 56. Ke4 Kf7 57. Kf5 Qe6+ 58. Kf4 Kf6 59. Kg3 Qf5 60. Kg2 Kg5 61. Kg3 Qf4+ 62. Kg2 Kg4 63. Kh1 Kg3 64. Kg1 Qf2+ 65. Kh1 Qh2# 0-1